000 00983nam a2200229 a 4500
001 BRCA_8760
005 20190320210409.0
008 160317s2016----mx-a######---#000-0#spa-#
020 _a9786079390075
041 _aspaeng
050 4 _bA78 2016
245 1 0 _aEl arte de las naciones. El barroco como arte global = Art of the Nations. The Baroque as Global Art
_ceditado por Fernando Checa Cremades.
260 _aMéxico
_bConsejo Estatal para la Cultura y las Artes de Puebla : Museo Internacional del Barroco
_c2016
300 _a475 p.
_bil. a color
_c30 cm.
500 _aCatálogo de la exposición realizada en el Museo Internacional del Barroco (Puebla, México), 2016-2017
500 _aIncluye piezas de la colección Franz Mayer : p. 64, 73, 112 y 246
504 _aBibliografía : p. 461-475
546 _aTexto en : español e inglés
700 1 _aCheca Cremades, Fernando
_eed.
_95854
740 0 _aArt of the Nations. The Baroque as Global Art
942 _2lcc
_cB
999 _c8411
_d8411